La otra medicina; un nuevo concepto de la salud /

Guardado en:
Autor Principal: Tymowski, Jean Claude de
Formato: Libro
Publicado: España : Grijalbo, 1984
Materias:
Etiquetas: Agregar Etiqueta
Sin Etiquetas, Sea el primero en etiquetar este registro!
LEADER 00443nam a22001575a 4500
001 CEM.cems007175
005 20060214000000.0
008 130507s1984##################000#0#####d
003 CEMS
082 0 4 |a 610 
100 1 |a Tymowski, Jean Claude de 
245 1 0 |a La otra medicina; un nuevo concepto de la salud / 
260 |a España :  |b Grijalbo,  |c 1984 
300 |a 344 p. 
653 |a Medicina 
859 |a CEMS  |b BIB. CEMS - 11 de abril  |h 610  |i T976  |p 14734.87  |t Ej.1